| 000 | 00908nam a2200193 a 4500 | ||
|---|---|---|---|
| 008 | 150811s2004 ||||||||||||||||| || u | ||
| 020 | _a9780130478115 | ||
| 050 | _aQP 34.5 Mar | ||
| 100 | _aMartini, Frederic H | ||
| 245 | 1 | 0 |
_aApplication manual to accompany fundamenatals of anatomy and physiology _cby Frederic H. Martini and Kathleen Welch |
| 250 | _a6th ed. | ||
| 260 |
_aSan Francisco _bBenjamin/Cummings _c2004 |
||
| 300 | _aix, 195p. :ill. | ||
| 650 | 3 | _aANATOMY | |
| 650 | _aPHYSIOLOGY | ||
| 650 | _aPHYSIOLOGY--MANUAL | ||
| 995 |
_aMEDICAL LIBRARY OPEN ACCESS _e903093 _FCBU-SCHOOL OF MEDICINE LIBRARY (Ndola) _I0.00 _jQP 34.5 Mar _M2 _UAVAILABLE _WSep 7, 2015 _y903093 _ZMedical Library Open Access Collection |
||
| 995 |
_aMICHAEL CHILUFYA SATA OPEN ACCESS _e903092 _FCBU-SCHOOL OF MEDICINE LIBRARY (Ndola) _I0.00 _jQP 34.5 Mar _M1 _UAVAILABLE _WSep 7, 2015 _y903092 _ZMedical Library Open Access Collection |
||
| 999 |
_c63677 _d63677 |
||